[Event "Continental op 48th"]
[Site "Sturbridge"]
[Date "2018.08.18"]
[Round "6"]
[White "Chin, Jonathan"]
[Black "Riddell, Connor"]
[Result "1/2-1/2"]
[WhiteElo "1810"]
[BlackElo "1716"]
[PlyCount "92"]
[EventDate "2018.08.16"]
[EventType "swiss"]
[EventRounds "9"]
[EventCountry "USA"]
[SourceTitle "CBM 186 Extra"]
[Source "ChessBase"]
[SourceDate "2018.08.24"]
[SourceVersion "1"]
[SourceVersionDate "2018.08.24"]
[SourceQuality "1"]

1. e4 c5 2. Nf3 e6 3. d4 cxd4 4. Nxd4 a6 5. c4 Nf6 6. Nc3 Bb4 7. Qd3 Nc6 8. Be2 Qc7 9. Nxc6 bxc6 10. 0-0 Bxc3 11. bxc3 c5 12. f4 d6 13. Rd1 Bb7 14. Bf3 0-0 15. Qxd6 Qxd6 16. Rxd6 Bxe4 17. Be3 Rfd8 18. Rad1 Rxd6 19. Rxd6 Bxf3 20. gxf3 Nh5 21. Rc6 Rb8 22. Rxc5 f5 23. Rc6 Rb1+ 24. Kg2 Rb2+ 25. Kh3 Rxa2 26. Rxe6 Rc2 27. c5 Rxc3 28. Re5 Nxf4+ 29. Bxf4 Rxf3+ 30. Bg3 f4 31. Rf5 Rc3 32. Rxf4 Rxc5 33. Ra4 Rc6 34. Kg4 h6 35. Kf5 Kh7 36. Ra5 Rb6 37. Be5 g6+ 38. Ke4 h5 39. h4 Kg8 40. Kf4 Rb4+ 41. Kg3 Rg4+ 42. Kh3 g5 43. hxg5 Rxg5 44. Kh4 Rf5 45. Rc5 Kf7 46. Rc7+ Ke6 1/2-1/2

[Event "Continental op 48th"]
[Site "Sturbridge"]
[Date "2018.08.17"]
[Round "3"]
[White "Genger, Eitan"]
[Black "Chin, Jonathan"]
[Result "1-0"]
[WhiteElo "1903"]
[BlackElo "1810"]
[PlyCount "71"]
[EventDate "2018.08.16"]
[EventType "swiss"]
[EventRounds "9"]
[EventCountry "USA"]
[SourceTitle "CBM 186 Extra"]
[Source "ChessBase"]
[SourceDate "2018.08.24"]
[SourceVersion "1"]
[SourceVersionDate "2018.08.24"]
[SourceQuality "1"]

1. Nf3 Nf6 2. c4 g6 3. d4 Bg7 4. Nc3 0-0 5. Bg5 d6 6. e3 h6 7. Bh4 g5 8. Bg3 Nh5 9. Bd3 Bg4 10. h4 Nxg3 11. fxg3 f5 12. hxg5 hxg5 13. Qb3 Qc8 14. c5+ e6 15. Nxg5 d5 16. Nxd5 Nc6 17. Nf4 Na5 18. Qxe6+ Qxe6 19. Ngxe6 Rf7 20. Kf2 Re8 21. b4 Nc6 22. b5 Na5 23. Rae1 Rfe7 24. Nxg7 Kxg7 25. Rh4 c6 26. b6 axb6 27. cxb6 c5 28. dxc5 Nc6 29. Bb5 Ra8 30. a4 Ne5 31. Reh1 Rf7 32. Rh7+ Kf6 33. R1h6+ Ke7 34. Re6+ Kf8 35. Rh8+ Kg7 36. Rxa8 1-0

[Event "Continental op 48th"]
[Site "Sturbridge"]
[Date "2018.08.17"]
[Round "4"]
[White "Tanaka, Taira Tyler"]
[Black "Chin, Jonathan"]
[Result "0-1"]
[WhiteElo "2007"]
[BlackElo "1810"]
[PlyCount "102"]
[EventDate "2018.08.16"]
[EventType "swiss"]
[EventRounds "9"]
[EventCountry "USA"]
[SourceTitle "CBM 186 Extra"]
[Source "ChessBase"]
[SourceDate "2018.08.24"]
[SourceVersion "1"]
[SourceVersionDate "2018.08.24"]
[SourceQuality "1"]

1. e4 c5 2. Nf3 Nc6 3. d4 cxd4 4. Nxd4 g6 5. c4 Nf6 6. Nc3 d6 7. Be2 Nxd4 8. Qxd4 Bg7 9. Be3 0-0 10. Qd2 a5 11. f3 a4 12. 0-0 Qa5 13. Rab1 Be6 14. Rfc1 Rfc8 15. b4 axb3 16. axb3 Qb4 17. Rc2 Nd7 18. Nd5 Qxd2 19. Rxd2 Bxd5 20. exd5 Ra3 21. Kf2 Rca8 22. Rc2 Ra2 23. Rbc1 Rxc2 24. Rxc2 Ra3 25. b4 b6 26. f4 Bc3 27. c5 bxc5 28. Bb5 Nf6 29. bxc5 dxc5 30. Bc4 Bd4 31. Bxd4 cxd4 32. Ke2 Nxd5 33. g3 Ne3 34. Rc1 Nxc4 35. Rxc4 Ra2+ 36. Kd3 Rxh2 37. Kxd4 Rh3 38. Rc7 Rxg3 39. Rxe7 Kg7 40. Ra7 h5 41. Ke4 Rb3 42. Ra8 h4 43. Ra2 Rg3 44. Rh2 h3 45. Rh1 Kh6 46. Ke5 f5 47. Kf6 Kh5 48. Rh2 Kh4 49. Ra2 Rg2 50. Ra8 h2 51. Rg8 Rg4 0-1

[Event "Windsor NAYCC U14"]
[Site "Windsor"]
[Date "2016.08.11"]
[Round "8.73"]
[White "Guan, Zi Yu"]
[Black "Chin, Jonathan"]
[Result "0-1"]
[WhiteElo "1513"]
[BlackElo "1985"]
[PlyCount "102"]
[EventDate "2016.08.07"]
[EventType "swiss"]
[EventRounds "9"]
[EventCountry "CAN"]
[SourceTitle "EXT 2022"]
[Source "ChessBase"]
[SourceDate "2021.10.06"]
[SourceVersion "1"]
[SourceVersionDate "2021.10.06"]
[SourceQuality "1"]

1. e4 c5 2. Nf3 Nc6 3. d4 cxd4 4. Nxd4 g6 5. Nc3 Bg7 6. Be3 Nf6 7. Bc4 0-0 8. f3 Qb6 9. Bb3 Nxe4 10. fxe4 Bxd4 11. Bxd4 Qxd4 12. Qxd4 Nxd4 13. 0-0-0 Nxb3+ 14. axb3 Rb8 15. Nd5 Re8 16. Nc7 Rd8 17. e5 b6 18. e6 fxe6 19. Nxe6 Re8 20. Nc7 Rf8 21. Nd5 Rf7 22. Rhe1 e6 23. Nc7 Bb7 24. g3 a6 25. Rd3 Rc8 26. Rc3 h5 27. h4 Kg7 28. Rd1 Bc6 29. Nxa6 Ra8 30. Nb4 Ra1+ 31. Kd2 Rxd1+ 32. Kxd1 Rf3 33. Nxc6 Rxc3 34. bxc3 dxc6 35. Ke2 Kf6 36. Kf3 Kf5 37. c4 c5 38. c3 e5 39. b4 e4+ 40. Ke3 Ke5 41. bxc5 bxc5 42. Kf2 Ke6 43. Ke3 Kf5 44. Ke2 Kg4 45. Kf2 e3+ 46. Kxe3 Kxg3 47. Ke4 Kxh4 48. Kd5 g5 49. Kxc5 g4 50. Kd4 g3 51. Ke3 Kh3 0-1

[Event "Windsor NAYCC U14"]
[Site "Windsor"]
[Date "2016.08.09"]
[Round "4.63"]
[White "Gaisinsky, Adam"]
[Black "Chin, Jonathan"]
[Result "1/2-1/2"]
[WhiteElo "1721"]
[BlackElo "1985"]
[PlyCount "59"]
[EventDate "2016.08.07"]
[EventType "swiss"]
[EventRounds "9"]
[EventCountry "CAN"]
[SourceTitle "EXT 2022"]
[Source "ChessBase"]
[SourceDate "2021.10.06"]
[SourceVersion "1"]
[SourceVersionDate "2021.10.06"]
[SourceQuality "1"]

1. e4 c5 2. Nf3 Nc6 3. Nc3 g6 4. d4 cxd4 5. Nxd4 Bg7 6. Be3 Nf6 7. Nb3 d6 8. Be2 0-0 9. 0-0 Bd7 10. f4 Rc8 11. Bf3 Re8 12. Qd2 Bg4 13. h3 Bxf3 14. Rxf3 Rb8 15. a4 b6 16. Rd1 Qc8 17. Nd4 Na5 18. Qe2 Nc4 19. Bc1 Qc5 20. Kh1 Nd7 21. Nb3 Qc8 22. Nd2 Nxd2 23. Bxd2 Qc6 24. Be1 Nc5 25. e5 Nxa4 26. Nxa4 Qxa4 27. b3 Qc6 28. exd6 exd6 29. Qd2 Rbc8 30. c4 1/2-1/2

[Event "Windsor NAYCC U14"]
[Site "Windsor"]
[Date "2016.08.07"]
[Round "1.61"]
[White "Chin, Jonathan"]
[Black "Atanasov, David"]
[Result "1-0"]
[WhiteElo "1985"]
[BlackElo "1518"]
[PlyCount "53"]
[EventDate "2016.08.07"]
[EventType "swiss"]
[EventRounds "9"]
[EventCountry "CAN"]
[SourceTitle "EXT 2022"]
[Source "ChessBase"]
[SourceDate "2021.10.06"]
[SourceVersion "1"]
[SourceVersionDate "2021.10.06"]
[SourceQuality "1"]

1. e4 c5 2. Nf3 d6 3. d4 cxd4 4. Nxd4 Nf6 5. Nc3 a6 6. Be2 e6 7. 0-0 Be7 8. Kh1 b5 9. Bf3 d5 10. exd5 exd5 11. Bg5 Ra7 12. Bxf6 gxf6 13. Bxd5 h5 14. Nc6 Nxc6 15. Bxc6+ Bd7 16. Qf3 Qc7 17. Bxd7+ Qxd7 18. Rad1 Qc8 19. Qe3 Qb7 20. Nd5 Kf8 21. Nb6 Rg8 22. Nd7+ Kg7 23. Qxe7 Kh8 24. Qxf6+ Kh7 25. Qxf7+ Rg7 26. Nf6+ Kh6 27. Qxh5# 1-0